000
00200nam a2200085Ia 4500
008
120527s9999 xx 000 0 und d
100
_a
Deitsch & Schumer
245
_a
Brain-damaged children
942
_c
BK
999
_c
27639
_d
27639